Immigration of Czechs and Slovaks to Canada after the two world wars bakalárska práca

Salvato in:
Dettagli Bibliografici
Autore principale: Hrabalová, Lucia
Ente Autore: Fakulta aplikovaných jazykov EU v Bratislave. Katedra jazykovedy a translatológie
Altri autori: Lorková, Zuzana
Natura: Libro
Lingua:inglese
Pubblicazione: Bratislava 2015
Tags: Aggiungi Tag
Nessun Tag, puoi essere il primo ad aggiungerne!!

MARC

LEADER 00000nbm a2200000 4500
001 0202030
005 20161212094220.8
041 0 |a eng 
044 |a SK 
245 1 0 |a Immigration of Czechs and Slovaks to Canada after the two world wars  |b bakalárska práca  |c Lucia Hrabalová ; školiteľ: Zuzana Lorková 
264 1 |a Bratislava  |c 2015 
300 |a 44 s. 
100 1 |a Hrabalová, Lucia 
700 1 |a Lorková, Zuzana 
710 2 |a Fakulta aplikovaných jazykov EU v Bratislave. Katedra jazykovedy a translatológie